000 01203nas a22003017i 4500
001 IT\ICCU\RML\0479584
003 ItRI
005 20250922144646.0
008 211029c19799999ag |||||||||||| b0||||c
022 _a0325-819X
040 _bita
_cAR-RoIUNI
041 7 _aspa
_2ISO-639-2
080 _a159.964.2
222 0 _aPsicoanálisis <periodico ; 1979 ; Buenos Aires>
245 0 0 _aPsicoanálisis : Dialogos clinicos con Betty Joseph
_bRevista de la Asociación Psicoanalítica de Buenos Aires.
246 1 3 _aPsicoanálisis APdeBA
260 _aBuenos Aires :
_bAsociación Psicoanalítica de Buenos Aires,
_c1979-
300 _avolumi ;
_c23 cm
362 0 _aVol. 1, n. 1 (1979)-
500 _aSemblanza/sheila navarro de lópez - acerca de la curiosidad/betty joseph - entrevista/betty joseph - cita/sigmundo freud - ana - carlos - daniel - facundo - laura - roberto - victoria
650 7 _aPsicanalisis
_xPeriodici argentini
_2nsbncf
650 7 _aPsicologia
_9108
650 7 _aPsicologia clinica
_xPeriodici argentini
_2nsbncf
710 2 _aAsociación Psicoanalítica de Buenos Aires
_0IT\ICCU\RMLV\241871
_4aut
942 _2cdu
_cBK
981 1 _6z01
_ai
_bxxxe
982 1 _6z01
_an
999 _c6265
_d6265